000 01651cam a22004574i 4500
003 PE-LiUPU
005 20250731173457.0
008 150616s r 000 0 d
020 _a0687414695
035 _a(Sirsi) i9780687414697
040 _aPE-LiUPU
_bspa
_cPE-LiUPU
_erda
049 _aPRUA
082 0 4 _a225.61
_bS31
_221
100 1 _aSchweizer, Eduard,
_eautor.
245 1 2 _aA Theological Introduction to The New Testament /
_cEduard Schweizer.
264 1 _aNashville, USA :
_bAbingdon Press,
_c1991.
300 _a191 páginas ;
_c23 centímetros
336 _atext
_2rdacontent
337 _aunmediated
_2rdamedia
338 _avolume
_2rdacarrier
505 0 _aOral tradition and the first written documents -- Paul -- Paul's disciples -- The remaining letters -- The first three gospels and the Acts of the Apostles -- The Johannine circle -- The prophetic book Gospel.
526 _aSEG42
526 _aSEG41
526 _aSEG40
526 _aSEG39
526 _aP94
526 _aP87
526 _aP86
526 _aP85
526 _aP77
526 _aP76
526 _aP35
630 0 4 _aBiblia.
_pN.T.
_xIntroducciones.
910 _ajck
_bjvq
_cjck
942 _2ddc
_cBOOK
949 _a225.61 S31
_wDEWEY
_c1
_i40150
_lCCODEBUL1
_mBUL
_r0
_sY
_tBOOK
_u2015-6-16
_xTEOLOGIA
_zUNKNOWN
_0COMPRA
_o.STAFF. Colección General
994 _aC0
_bPEPRU
596 _a1
999 _a225.61 S31
_wDEWEY
_c57941
_i40150
_d57941
_f2021-11-9
_g5
_lCCODEBUL1
_mBUL
_q1
_r0
_sY
_tBOOK
_u2015-6-16
_xTEOLOGIA
_zUNKNOWN
_0COMPRA
_o.STAFF. Colección General
980 _81
_gALBERTO SANCHEZ Responsable de Automatización